000 00721nam a2200289Ia 4500
005 20260324114714.0
008 008 260324s9999 xx 000 0 eng d
020 _a9780367631888
037 _aEBOOK
040 _aCRL
040 _beng
040 _cCRL
041 _2eng
041 _aeng
084 _qCRL
100 _aP. Pavan Kumar; S. Vairachilai; Sirisha Potluri; Sachi Nandan Mohanty
_91151835
245 0 _aRecommender Systems
245 0 _bAlgorithms and Applications
260 _bTaylor and Francis
260 _c2021
365 _a
365 _b225
856 _uhttp://www.taylorfrancis.com/books/9780367631888
942 _cEBOOK
999 _c1742170
_d1742170